书目信息 |
| 题名: |
少年朗诵诗选
|
|
| 作者: | 马萧萧 选编 | |
| 分册: | ||
| 出版信息: | 北京 中国少年儿童出版社 1983.11 |
|
| 页数: | 162页 | |
| 开本: | 19cm | |
| 丛书名: | ||
| 单 册: | ||
| 中图分类: | I287.2 | |
| 科图分类: | ||
| 主题词: | 儿童文学--中国 , 儿童文学--中国--丛书 | |
| 电子资源: | ||
| ISBN: | ||
| 000 | 00614nam0 2200217 45 | |
| 001 | 0312221749 | |
| 005 | 20040408171435.7 | |
| 010 | @dCNY0.45 | |
| 091 | @aR10056.564 | |
| 100 | @a20031222d1983 km y0chiy0120 ea | |
| 101 | @achi | |
| 105 | @a z 000yy | |
| 200 | 1 | @a少年朗诵诗选@AShao Nian Lang Song Shi Xuan@f马萧萧等选编@FMa Xiao Xiao Deng Xuan Bian |
| 210 | @a北京@c中国少年儿童出版社@d1983.11 | |
| 215 | @a162页@d19cm | |
| 606 | 0 | @a儿童文学@x中国 |
| 606 | 0 | @a儿童文学@x中国@x丛书 |
| 690 | @aI287.2@v3 | |
| 701 | 0 | @a马萧萧@4选编 |
| 801 | @aCN@bTSTCL@c20031222 | |
| 905 | @dI287.2@e153@f2@b169102-103 | |
| 少年朗诵诗选/马萧萧等选编.-北京:中国少年儿童出版社,1983.11 |
| 162页;19cm |
| ISBN :CNY0.45 |
| ● |
| 相关链接 |
|
|
|
|
正题名:少年朗诵诗选
索取号:I287.2/153
 
预约/预借
| 序号 | 登录号 | 条形码 | 馆藏地/架位号 | 状态 | 备注 |
| 1 | 0169102 | 000762525 | 第二借阅区/ [索取号:I287.2/153] | 在馆 | |
| 2 | 0169103 | 001649185 | 密集书库/ [索取号:I287.2/153] | 在馆 | |
| 3 | 0169104 | 000892136 | 第一样本阅览室/ [索取号:I287.2/153] | 在馆 |